|
|
|
|
| LEADER |
00000naa2a2200000 4500 |
| 001 |
401745 |
| 005 |
20231101065620.0 |
| 035 |
|
|
|a (RuTPU)RU\TPU\prd\46044
|
| 090 |
|
|
|a 401745
|
| 100 |
|
|
|a 20060911a2006 k y0rusy50 ca
|
| 101 |
0 |
|
|a rus
|
| 102 |
|
|
|a RU
|
| 200 |
1 |
|
|a АСУТП водоподготовительной установки
|f А. А. Сушков
|
| 225 |
1 |
|
|a АСУ для промышленных предприятий
|
| 461 |
|
0 |
|0 (RuTPU)RU\TPU\prd\2287
|t Промышленные АСУ и контроллеры
|o ежемесячный научно-технический производственный журнал
|d 2002-
|
| 463 |
|
0 |
|0 (RuTPU)RU\TPU\prd\44794
|t № 6
|v С. 34-38
|d 2006
|
| 610 |
1 |
|
|a АСУТП
|
| 610 |
1 |
|
|a водоподготовительные установки
|
| 610 |
1 |
|
|a разработка
|
| 610 |
1 |
|
|a внедрение
|
| 610 |
1 |
|
|a технологические процессы
|
| 610 |
1 |
|
|a модернизация
|
| 610 |
1 |
|
|a тепловые электрические станции
|
| 610 |
1 |
|
|a автоматизированное управление
|
| 700 |
|
1 |
|a Сушков
|b А. А.
|
| 801 |
|
1 |
|a RU
|b 63413507
|c 20060911
|g PSBO
|
| 942 |
|
|
|c BK
|